| 000 | 02348cam a22005294i 4500 | ||
|---|---|---|---|
| 003 | PE-LiUPU | ||
| 005 | 20250731180121.0 | ||
| 008 | 150616s r 000 0 d | ||
| 020 | _a9586000702 | ||
| 035 | _a(Sirsi) i9789586000703 | ||
| 040 |
_aPE-LiUPU _bspa _cPE-LiUPU _erda |
||
| 049 | _aPRUA | ||
| 082 | 0 | 4 |
_a539.43175 _bM45/S _221 |
| 100 | 1 |
_aMetz, Clyde R., _eautor. |
|
| 245 | 1 | 0 | _aFisicoquímica. |
| 264 | 1 |
_aBogotá : _bMcGraw-Hill, _c1991. |
|
| 300 |
_a613 páginas : _bilustraciones cuadros, gráfs. ; _c23 centímetros |
||
| 336 |
_atext _2rdacontent |
||
| 337 |
_aunmediated _2rdamedia |
||
| 338 |
_avolume _2rdacarrier |
||
| 490 | 0 | _aSchaum | |
| 505 | 0 | _aGases y teoría cinético molecular -- Translación y fenómenos de transporte -- Primera ley de la termodinámica -- Termoquímica -- Entropia -- Energía libre -- Equilibrio químico -- Termodinámica estadística -- Electroquímica -- Equilibrio Heterogeneos -- Soluciones -- Velocidades de las reacciones químicas -- Cinética de las reacciones -- Introduccción a la mecánica cuántica -- Estructura.-Estructura atómica y espectroscopia -- Estructura electrónica de las moléculas diatómicas -- Espectroscopia de moléculas Diatómicas -- Estructura electrónica de las moléculas poliatómicas -- Espectroscopia de moléculas poliatómicas -- Simetría y teoría de grupos -- Enlace intermolecular -- Cristales -- Fenómenos en las interfases -- Macromoléculas. | |
| 526 | _aSEG44 | ||
| 526 | _aSEG26 | ||
| 526 | _aP159 | ||
| 526 | _aP155 | ||
| 526 | _aP154 | ||
| 526 | _aP153 | ||
| 526 | _aP150 | ||
| 526 | _aP100 | ||
| 526 | _aP31 | ||
| 526 | _aP30 | ||
| 526 | _aP26 | ||
| 526 | _aP25 | ||
| 526 | _aP24 | ||
| 526 | _aP22 | ||
| 526 | _aP15 | ||
| 526 | _aP10 | ||
| 650 | 0 | 4 | _aFISICOQUIMICA. |
| 910 |
_ajck _bjvq _cjck |
||
| 942 |
_2ddc _cBOOK |
||
| 949 |
_a539.43175 M45/S _wDEWEY _c1 _i35338 _d2016-9-15 _e2016-9-13 _lCCODEBUL1 _mBUL _n3 _r0 _sY _tBOOK _u2015-6-16 _xINGENIERIA _zUNKNOWN _0COMPRA _o.STAFF. Colección General |
||
| 994 |
_aC0 _bPEPRU |
||
| 596 | _a1 | ||
| 999 |
_a539.43175 M45/S _wDEWEY _c34569 _i35338 _d34569 _e2017-10-5 _f2021-11-5 _g7 _lCCODEBUL1 _mBUL _n4 _r0 _sN _tBOOK _u2015-6-16 _xBIBLIOTECA _zUNKNOWN _0COMPRA _o.STAFF. Colección General |
||
| 980 |
_81 _gALBERTO SANCHEZ Responsable de Automatización |
||